La regenta

Zapisane w:
Opis bibliograficzny
1. autor: Alas, Leopoldo (Clarín)
Format: Książka
Język:Undetermined
Wydane: Buenos Aires, Argentina Emecé 1946
Hasła przedmiotowe:
Etykiety: Dodaj etykietę
Nie ma etykietki, Dołącz pierwszą etykiete!

MARC

LEADER 00000nam a2200000Ia 4500
008 170316s9999 xx 000 0 und d
040 |a cru BVZT 
090 |a 862 A-9r v.2 
100 |a Alas, Leopoldo (Clarín) 
245 |a La regenta 
260 |a Buenos Aires, Argentina 
260 |b Emecé 
260 |c 1946 
300 |a 521 páginas Vol. II 
650 |a LITERATURA ESPAÑOLA 
650 |a NOVELA 
999 |c 9503  |d 9503 
942 |c 15 D  |h 862 A-9r v.2  |2 z